000 00932cas a22002777a 4500
005 20220329142322.0
008 000620u1985 mx zr pernn 0 b1spa d
010 _a81617
011 _a82589
035 _a93088
245 0 0 _aCuadernos de Edafología
_c/por Colegio de Postgraduados. Instituto de Recursos Naturales
260 0 _aChapingo, Méx. :
_bColegio de Postgraduados. Instituto de Recursos Naturales,
_c1985-
300 _av.
310 _aIrregular
362 _an.26, 1996.
590 _aBATCH-UPD
_b10
_c20130110
_lUCH01
_h0548
590 _aBATCH-UPD
_b10
_c20130410
_lUCH01
_h0229
590 _aBATCH-UPD
_b10
_c20130914
_lUCH01
_h2039
590 _aCONVERSION
_b10
_c20130109
_lUCH01
_h1345
650 1 4 _aSuelos
_xPublicaciones periódicas.
_9110465
866 _an.1-10 (1985-1987)
866 _an.14-18 (1989-1993)
866 _an.20-27 (1994-1996)
901 _aSE
905 _aLilia Sánchez G.
999 _c81617
_d81617